| 000 | 01263nam a22003735a 4500 | ||
|---|---|---|---|
| 003 | EG-ScBUE | ||
| 005 | 20220707124234.0 | ||
| 006 | m||||fq||z 00| 0 | ||
| 008 | 170104t2011 enka f 000 0 eng d | ||
| 020 | _a9781111216382 | ||
| 020 | _a9781111216399 (student CD-Rom) | ||
| 020 | _a1111216398 (student CD-Rom) | ||
| 040 |
_aEG-ScBUE _beng _erda _cEG-ScBUE _dEG-ScBUE |
||
| 082 | 0 | 4 |
_a428.2 _bMIL _222 |
| 100 | 1 |
_aMilner, Martin, _eauthor. |
|
| 245 | 1 | 0 |
_aWorld English : _breal people, real places, real language, _pIntro / _cMartin Milner. |
| 246 | 3 | 0 | _aIntro |
| 264 | 1 |
_aHampshire, United Kingdom : _bHeinle, Cengage Learning, _c[2011] |
|
| 264 | 4 | _cc2011 | |
| 300 |
_a154 pages : _bcolor illustrations ; _c24 cm. + _e1 CD |
||
| 336 |
_2rdacontent _atext _btxt |
||
| 336 |
_2rdacontent _asounds _bsnd |
||
| 337 |
_2rdamedia _aunmediated _bn |
||
| 337 |
_2rdamedia _aaudio _bs |
||
| 338 |
_2rdacarrier _avolume _bnc |
||
| 338 |
_2rdacarrier _acomputer disc _bcd |
||
| 521 | _aBeginner : A1 | ||
| 650 | 7 |
_aEnglish language _vTextbooks for foreign speakers. _2BUEsh |
|
| 650 | 7 |
_aEnglish language _xGrammar _vProblems, exercises, etc. _2BUEsh |
|
| 651 | _2BUEsh | ||
| 653 |
_bHHUUEENN _cJanuary2017 |
||
| 655 |
_vReading book _934232 |
||
| 942 |
_2ddc _cBB |
||
| 999 |
_c23830 _d23802 |
||